|
|
|
|
| LEADER |
00000nam a22000007a 4500 |
| 005 |
20210430214256.0 |
| 007 |
cr|||| |||| |
| 008 |
210430s2015 co |||||s|||| 00||0 spa d |
| 020 |
|
|
|a Siglo del Hombre Editores, 2015
|
| 035 |
|
|
|a 33216
|
| 040 |
|
|
|a vLex
|
| 090 |
|
|
|c 11580
|d 11580
|
| 100 |
1 |
|
|a Valencia Gutiřrez, Alberto
|
| 245 |
1 |
4 |
|a En el principio era la ťica
|h [Recurso electrn̤ico] :
|b Ensayo de interpretacin̤ del pensamiento de Estanislao Zuleta /
|c Alberto Valencia Gutiřrez
|
| 256 |
|
|
|a Servicio en ln̕ea
|
| 260 |
|
|
|a Bogot:̀
|b Siglo del Hombre Editores,
|c 2015
|
| 300 |
|
|
|a 1 recurso electrn̤ico
|
| 500 |
|
|
|a Este libro constituye una memoria del autor sobre los 15 aǫs pasados en el cr̕culo de Estanislao Zuleta y sobre el pensamiento de una de las figuras ms̀ representativas del horizonte filosf̤ico y cultural colombiano. Se trata de un trabajo pionero, puesto que reconstruye el pensamiento de Zuleta alrededor de un nc︢leo central: el primado de la razn̤ prc̀tica. Este interš prioritario por una reflexin̤ orientada a la praxis constituye el tema de fondo, que confiere unidad a la multiplicidad de iniciativas y proyectos de Zuleta -aparentemente heterogňeos- relacionados con el marxismo, el psicoanl̀isis, el anl̀isis literario, etc.
|
| 506 |
1 |
|
|a Disponible solo en los productos indicados
|d vLex Global
|d vLex Global (Academic Edition, excluding Law Schools)
|d vLex Global (U.S. Academic Edition, Law Schools)
|d vLex Global (U.S. Academic Edition, excluding Law Schools)
|d vLex Global (Academic Edition, Law Schools)
|
| 650 |
0 |
4 |
|a Filosofa̕ y religin̤
|z Colombia
|
| 740 |
0 |
|
|a vLex Libros (Servicio en ln̕ea)
|
| 856 |
4 |
0 |
|u https://vlex.com/source/principio-era-la-etica-ensayo-de-interpretacion-del-pensamiento-de-estanislao-zuleta-33216
|z Acceso restringido
|
| 942 |
|
|
|c BOOK
|
| 999 |
0 |
|
|a Philosophy and religion
|